[Event "2019 Steve Boniface Memorial Congress O"]
[Site "Bristol"]
[Date "2019.06.21"]
[Round "1.1"]
[White "Vaughan, Alex"]
[Black "Arkell, Keith C"]
[Result "0-1"]
[WhiteElo "1929"]
[BlackElo "2467"]
[PlyCount "128"]
[EventDate "2019.06.21"]

1. e4 c6 2. d4 d5 3. Nc3 dxe4 4. Nxe4 Nd7 5. Ng5 Ngf6 6. Bd3 Nb6 7. N1f3 h6 8.
Ne4 Nxe4 9. Bxe4 Bg4 10. Qe2 g6 11. Be3 Nd5 12. O-O-O Nf6 13. Bd3 Bxf3 14. Qxf3
Qd5 15. Qxd5 cxd5 16. Bb5+ Nd7 17. Rhe1 a6 18. Be2 e6 19. h4 h5 20. Bf3 Nb6 21.
Bg5 Kd7 22. Bf6 Rg8 23. g3 Rc8 24. Rd3 Nc4 25. a4 b5 26. axb5 axb5 27. Rb3 b4
28. Be2 Bd6 29. Bxc4 Rxc4 30. c3 Ra8 31. Kc2 Kc6 32. Re3 Ra1 33. Rf3 Bf8 34.
Kd3 Kb5 35. cxb4 Rxb4 36. Ke2 Ra2 37. Rfc3 Rxb2+ 38. Rxb2 Rxb2+ 39. Kf3 Bd6 40.
Rc8 Rb3+ 41. Kg2 Ra3 42. Rd8 Kc6 43. Rc8+ Kd7 44. Rd8+ Kc7 45. Rh8 Ra7 46. Rg8
Kc6 47. Rc8+ Rc7 48. Ra8 Kb5 49. Bd8 Rb7 50. Rc8 Ra7 51. Bf6 Rc7 52. Ra8 Kc4
53. Ra6 Bb4 54. Be5 Rb7 55. Rc6+ Kd3 56. Rc1 Bc3 57. Kf3 f6 58. Bf4 Kxd4 59.
Rd1+ Kc4 60. Rc1 Rb2 61. Bd6 e5 62. Be7 e4+ 63. Ke3 d4+ 64. Kxe4 Re2+ 0-1

[Event "2019 Steve Boniface Memorial Congress O"]
[Site "Bristol"]
[Date "2019.06.21"]
[Round "1.2"]
[White "Merry, Alan B"]
[Black "Jaszkiwskyj, Peter"]
[Result "1-0"]
[WhiteElo "2441"]
[BlackElo "1922"]
[PlyCount "79"]
[EventDate "2019.06.21"]

1. c4 c6 2. d4 d5 3. e3 Nf6 4. Nc3 e6 5. b3 Be7 6. Nf3 O-O 7. Bb2 Nbd7 8. Bd3
b6 9. O-O Bb7 10. Qe2 c5 11. cxd5 Nxd5 12. Nxd5 exd5 13. Rfd1 Bf6 14. Rac1 Rc8
15. Bf5 g6 16. Bxd7 Qxd7 17. dxc5 Bxb2 18. c6 Bxc6 19. Qxb2 Bb7 20. Nd4 Rc5 21.
Rd2 Rfc8 22. Rdc2 Qe7 23. h3 Qe4 24. a4 a5 25. Rc3 f5 26. Qd2 Qe5 27. Nb5 Kg7
28. Rxc5 Rxc5 29. Rd1 Kf6 30. b4 axb4 31. Qxb4 Ba6 32. Nd4 Qc7 33. Nb3 Rc4 34.
Qf8+ Ke6 35. Nd4+ Kd7 36. Qf7+ Kc8 37. Qxd5 Kb8 38. Ne6 Qc6 39. Qd8+ Bc8 40.
Rd6 1-0

[Event "2019 Steve Boniface Memorial Congress O"]
[Site "Bristol"]
[Date "2019.06.21"]
[Round "1.3"]
[White "Kerr, Duncan"]
[Black "Murphy, Conor E"]
[Result "0-1"]
[WhiteElo "1900"]
[BlackElo "2361"]
[PlyCount "72"]
[EventDate "2019.06.21"]

1. e4 c5 2. Nf3 e6 3. d4 cxd4 4. Nxd4 Nc6 5. Nc3 Qc7 6. g3 a6 7. Bg2 Nf6 8. O-O
Nxd4 9. Qxd4 Bc5 10. Qd3 Ng4 11. Bf4 Ne5 12. Qe2 d6 13. a4 O-O 14. Nd1 Bd7 15.
b3 b5 16. axb5 axb5 17. Ne3 Bd4 18. Rad1 Bc3 19. Ng4 Ra2 20. h4 Rb8 21. Nxe5
dxe5 22. Be3 b4 23. Qg4 Kh8 24. h5 h6 25. f4 Rxc2 26. f5 exf5 27. exf5 Bc6 28.
Rf2 Rxf2 29. Kxf2 Ra8 30. f6 gxf6 31. Be4 Ra2+ 32. Kf3 Bb5 33. Bd3 e4+ 34. Qxe4
Bc6 35. Qxc6 Qxc6+ 36. Be4 Qb5 0-1

[Event "2019 Steve Boniface Memorial Congress O"]
[Site "Bristol"]
[Date "2019.06.21"]
[Round "1.4"]
[White "Willow, Jonah B"]
[Black "Miller, George I"]
[Result "1-0"]
[WhiteElo "2338"]
[BlackElo "1896"]
[PlyCount "53"]
[EventDate "2019.06.21"]

1. e4 e6 2. d3 c5 3. g3 b6 4. Bg2 Bb7 5. Nd2 d6 6. Ngf3 Be7 7. O-O Nf6 8. Re1
O-O 9. c3 Qc7 10. b3 Rd8 11. Bb2 Nfd7 12. Nf1 Bf6 13. d4 Nc6 14. Ne3 Na5 15.
Ng4 c4 16. b4 Nc6 17. Bc1 b5 18. a4 a5 19. axb5 Na7 20. Rxa5 Rdb8 21. Bf4 Bd8
22. Nd2 g5 23. Nh6+ Kg7 24. Qh5 gxf4 25. Qxf7+ Kxh6 26. b6 Ne5 27. Qxe6+ 1-0

[Event "2019 Steve Boniface Memorial Congress O"]
[Site "Bristol"]
[Date "2019.06.21"]
[Round "1.5"]
[White "Spanton, Tim R"]
[Black "Beaumont, Chris R"]
[Result "0-1"]
[WhiteElo "1884"]
[BlackElo "2264"]
[PlyCount "118"]
[EventDate "2019.06.21"]

1. e4 d6 2. d4 Nf6 3. Nc3 g6 4. Nf3 Bg7 5. Be2 O-O 6. O-O Bg4 7. Be3 Nc6 8. h3
Bxf3 9. Bxf3 Nd7 10. Be2 e5 11. dxe5 dxe5 12. Bb5 Nd4 13. Bxd7 Qxd7 14. Ne2 Qb5
15. Bxd4 exd4 16. Qd3 a6 17. Rfd1 c5 18. a4 Qc6 19. c4 dxc3 20. Nxc3 Rae8 21.
Qd5 Bxc3 22. Qxc6 bxc6 23. bxc3 Rxe4 24. Rd6 Rc8 25. Kf1 Kf8 26. a5 Ke7 27. Rd3
Rd8 28. Rxd8 Kxd8 29. f3 Re3 30. Rb1 Kc7 31. Rb6 Rxc3 32. Rxa6 Ra3 33. Ra7+ Kd6
34. Rxf7 c4 35. Ke2 Kc5 36. Kd2 Rxa5 37. Rxh7 Ra2+ 38. Kc3 Rxg2 39. Rh4 Rg3 40.
Rxc4+ Kd5 41. Rd4+ Ke5 42. Kc4 Rxf3 43. Rd8 Rxh3 44. Re8+ Kf4 45. Re6 g5 46.
Rxc6 Re3 47. Kd4 Re8 48. Rf6+ Kg3 49. Rg6 g4 50. Kd3 Kf3 51. Rf6+ Kg2 52. Rg6
g3 53. Rf6 Kh2 54. Rh6+ Kg1 55. Rh5 g2 56. Rf5 Kh2 57. Rh5+ Kg3 58. Rg5+ Kf3
59. Kd2 Re4 0-1

[Event "2019 Steve Boniface Memorial Congress O"]
[Site "Bristol"]
[Date "2019.06.21"]
[Round "1.6"]
[White "Slade, Theodore"]
[Black "Jukes, Sam"]
[Result "0-1"]
[WhiteElo "2125"]
[BlackElo "1861"]
[PlyCount "148"]
[EventDate "2019.06.21"]

1. d4 Nf6 2. c4 e6 3. Nc3 d5 4. cxd5 exd5 5. Bg5 Be7 6. e3 O-O 7. Bd3 Nbd7 8.
Qc2 c6 9. Nge2 h6 10. Bh4 Re8 11. O-O Ne4 12. Bxe7 Qxe7 13. Nxe4 dxe4 14. Bc4
b5 15. Bb3 c5 16. dxc5 Nxc5 17. Nd4 Nxb3 18. Qxb3 Bd7 19. Rfc1 a5 20. Rc7 Qd8
21. Rac1 Re7 22. Qd5 Kf8 23. Qd6 Be8 24. Qxd8 Rxd8 25. Rxe7 Kxe7 26. Rc5 Kd6
27. Rc1 Bd7 28. Kf1 Ke7 29. Ke1 Rb8 30. Nc6+ Bxc6 31. Rxc6 Kd7 32. Ra6 a4 33.
Ra7+ Ke6 34. Rc7 Rd8 35. Rc6+ Rd6 36. Rc7 Rd5 37. Ke2 g6 38. Rc6+ Rd6 39. Rc8
Rd5 40. Re8+ Kf5 41. Re7 f6 42. h3 h5 43. h4 Re5 44. Rc7 g5 45. hxg5 fxg5 46.
f3 exf3+ 47. Kxf3 g4+ 48. Ke2 h4 49. Rh7 Kg5 50. Rg7+ Kf5 51. Rh7 Kg5 52. Kd3
Rd5+ 53. Ke2 Rc5 54. Rg7+ Kf5 55. e4+ Kf4 56. Kd3 h3 57. gxh3 gxh3 58. Rh7 Kg4
59. b4 axb3 60. axb3 Rh5 61. Rg7+ Kf4 62. Rf7+ Ke5 63. Rf1 h2 64. Rh1 Rh3+ 65.
Ke2 Kxe4 66. b4 Rb3 67. Kf2 Rxb4 68. Kg3 Rb2 69. Re1+ Kd3 70. Rd1+ Kc3 71. Rc1+
Rc2 72. Rf1 b4 73. Rf3+ Kb2 74. Rf1 b3 0-1

[Event "2019 Steve Boniface Memorial Congress O"]
[Site "Bristol"]
[Date "2019.06.21"]
[Round "1.7"]
[White "Cetens, Edward"]
[Black "Makkar, Rajat"]
[Result "0-1"]
[WhiteElo "1850"]
[BlackElo "2122"]
[PlyCount "76"]
[EventDate "2019.06.21"]

1. d4 Nf6 2. Nf3 e6 3. g3 c5 4. Bg2 Nc6 5. c3 d5 6. O-O Bd6 7. Bg5 h6 8. Bxf6
Qxf6 9. dxc5 Bxc5 10. Nbd2 O-O 11. e4 Rd8 12. Qe2 b6 13. e5 Qe7 14. b4 Nxb4 15.
cxb4 Bxb4 16. Nb3 a5 17. Qb2 Ba6 18. Rfc1 Ba3 19. Qd2 Bxc1 20. Rxc1 Rac8 21.
Bf1 Bxf1 22. Kxf1 Qa3 23. Nfd4 Qa4 24. Kg1 Rc4 25. Rd1 Rdc8 26. f4 Qb4 27. Qxb4
Rxb4 28. a3 Rbc4 29. Nb5 Rc2 30. N3d4 Rb2 31. Rf1 g6 32. g4 Rc4 33. Rd1 Ra4 34.
Rd3 Rc4 35. Rd1 a4 36. h3 Rc5 37. Nd6 Rc3 38. f5 Rg3+ 0-1

[Event "2019 Steve Boniface Memorial Congress O"]
[Site "Bristol"]
[Date "2019.06.21"]
[Round "1.8"]
[White "Seymour, Timothy P"]
[Black "Smith, Lynda"]
[Result "1-0"]
[WhiteElo "2110"]
[BlackElo "1825"]
[PlyCount "67"]
[EventDate "2019.06.21"]

1. Nf3 f5 2. c4 Nf6 3. e3 g6 4. b4 Bg7 5. Bb2 d6 6. d4 O-O 7. Be2 Ne4 8. O-O
Nd7 9. Nbd2 Ndf6 10. Ne1 Nxd2 11. Qxd2 Ne4 12. Qc2 a5 13. b5 e5 14. Nd3 Qe8 15.
Rad1 Bd7 16. Bf3 exd4 17. Bxd4 Bxd4 18. exd4 c6 19. b6 Ng5 20. Rfe1 Nxf3+ 21.
gxf3 Qd8 22. c5 Qf6 23. f4 Be6 24. cxd6 Bd5 25. d7 Qxd4 26. Qc5 Qf6 27. Qe7
Qxe7 28. Rxe7 Rf7 29. Re8+ Rf8 30. Rde1 Be4 31. Rxa8 Rxa8 32. f3 Rd8 33. Nc5
Kf7 34. fxe4 1-0

[Event "2019 Steve Boniface Memorial Congress O"]
[Site "Bristol"]
[Date "2019.06.21"]
[Round "1.9"]
[White "Fielding, Michael"]
[Black "Munshi, Aditya"]
[Result "0-1"]
[WhiteElo "1784"]
[BlackElo "2108"]
[PlyCount "44"]
[EventDate "2019.06.21"]

1. d4 Nf6 2. c4 e6 3. Nf3 d5 4. Nc3 dxc4 5. e3 a6 6. Bxc4 b5 7. Bd3 c5 8. dxc5
Bxc5 9. Qc2 Nbd7 10. O-O Bb7 11. b3 Rc8 12. Qb2 Qc7 13. Bd2 Qd6 14. Qc2 Ba3 15.
Be4 Nxe4 16. Nxe4 Rxc2 17. Nxd6+ Bxd6 18. Rfd1 Bxf3 19. gxf3 Ne5 20. Kg2 O-O
21. Ba5 Be7 22. f4 Nc6 0-1

[Event "2019 Steve Boniface Memorial Congress O"]
[Site "Bristol"]
[Date "2019.06.21"]
[Round "1.10"]
[White "Krzyzanowski, Patryk"]
[Black "Lovell, William Pm"]
[Result "1-0"]
[WhiteElo "2100"]
[BlackElo "1784"]
[PlyCount "99"]
[EventDate "2019.06.21"]

1. c4 c5 2. Nc3 Nc6 3. g3 g6 4. Nf3 Bg7 5. Bg2 e5 6. d3 Nge7 7. Bg5 O-O 8. Qd2
d6 9. Nd5 f6 10. Bh6 Nxd5 11. Bxg7 Kxg7 12. cxd5 Ne7 13. e4 Bd7 14. h4 Qc7 15.
Rc1 Qb6 16. O-O Qa6 17. Qc3 b6 18. Nd2 Kg8 19. f4 Bg4 20. Rf2 Rad8 21. b4 Rc8
22. Rcf1 Rcd8 23. bxc5 bxc5 24. Nc4 Nc8 25. Ne3 Bd7 26. g4 Rde8 27. g5 fxg5 28.
fxe5 Rxf2 29. Rxf2 dxe5 30. hxg5 Qd6 31. Rf6 Qb8 32. Nc4 Nb6 33. Nd6 Re7 34.
Qxc5 Rg7 35. Qc3 Re7 36. Qb4 Qd8 37. a3 Kg7 38. Qc5 Bg4 39. Qf2 Qg8 40. Qh4 Nd7
41. Rf2 Bh5 42. Bh3 Nc5 43. Rf6 Nxd3 44. Nf5+ gxf5 45. Qxh5 Kh8 46. Bxf5 Nf4
47. Qh6 Rg7 48. Kf1 Qe8 49. Rc6 Qf7 50. Bxh7 1-0

[Event "2019 Steve Boniface Memorial Congress O"]
[Site "Bristol"]
[Date "2019.06.21"]
[Round "1.11"]
[White "Harris, Calum"]
[Black "Garcia Hernandez, Oscar"]
[Result "1/2-1/2"]
[WhiteElo "1756"]
[BlackElo "2068"]
[PlyCount "45"]
[EventDate "2019.06.21"]

1. e4 e6 2. d4 d5 3. Nd2 Be7 4. Bd3 c5 5. c3 cxd4 6. cxd4 dxe4 7. Nxe4 Nf6 8.
Nf3 Bd7 9. O-O Bc6 10. Qe2 O-O 11. Rd1 Qd5 12. Ne5 Nbd7 13. Nxc6 Qxc6 14. Bf4
Nd5 15. Bg3 N7f6 16. Be5 Rac8 17. g4 g6 18. Qf3 Nxe4 19. Bxe4 Bg5 20. Bg3 f5
21. gxf5 gxf5 22. Qh5 Bf6 23. Bf3 1/2-1/2

[Event "2019 Steve Boniface Memorial Congress O"]
[Site "Bristol"]
[Date "2019.06.21"]
[Round "1.12"]
[White "Xian, Junhao"]
[Black "Juciute, Einora"]
[Result "1-0"]
[WhiteElo "2053"]
[BlackElo "1741"]
[PlyCount "63"]
[EventDate "2019.06.21"]

1. d4 Nf6 2. c4 e6 3. Nf3 d5 4. Bg5 Bb4+ 5. Nc3 O-O 6. e3 h6 7. Bh4 Nbd7 8. a3
Be7 9. Bd3 b6 10. O-O Ba6 11. Qa4 Bb7 12. cxd5 Nxd5 13. Bg3 Nxc3 14. bxc3 Bxf3
15. gxf3 Nf6 16. Bb5 c5 17. Bc6 a6 18. Bxa8 Qxa8 19. e4 b5 20. Qb3 c4 21. Qb2
Qc6 22. Rfb1 Nh5 23. a4 b4 24. cxb4 Nxg3 25. hxg3 c3 26. Qb3 Rb8 27. b5 axb5
28. axb5 Qc8 29. Rc1 Qd7 30. Qxc3 Rxb5 31. Ra8+ Kh7 32. Qc7 1-0

[Event "2019 Steve Boniface Memorial Congress O"]
[Site "Bristol"]
[Date "2019.06.21"]
[Round "1.13"]
[White "Walker, Max"]
[Black "Waddington, Mike P"]
[Result "0-1"]
[WhiteElo "1694"]
[BlackElo "2009"]
[PlyCount "48"]
[EventDate "2019.06.21"]

1. e4 e5 2. Nf3 f5 3. Nxe5 Qf6 4. d4 d6 5. Nc4 fxe4 6. Nc3 Qg6 7. f3 exf3 8.
Qxf3 Nc6 9. Qe3+ Be7 10. Nd5 Nf6 11. Nf4 Qf7 12. c3 d5 13. Ne5 Nxe5 14. Qxe5
O-O 15. Bd3 Bd6 16. Qg5 Qe7+ 17. Ne2 Bg4 18. Qe3 Rae8 19. Qxe7 Rxe7 20. Kd2
Ne4+ 21. Bxe4 Rxe4 22. Ng3 Rf2+ 23. Kd3 Bxg3 24. Be3 Re2 0-1

[Event "2019 Steve Boniface Memorial Congress O"]
[Site "Bristol"]
[Date "2019.06.21"]
[Round "1.14"]
[White "Dilleigh, Stephen P"]
[Black "Fava, Lorenzo"]
[Result "1-0"]
[WhiteElo "2003"]
[BlackElo "1603"]
[PlyCount "95"]
[EventDate "2019.06.21"]

{[%evp 0,95,31,30,29,-10,-10,-18,37,12,8,26,21,14,20,13,12,8,5,-7,46,51,52,24,
-12,23,21,26,9,12,86,-25,-13,-17,-11,-11,-24,-35,-14,-11,-10,-10,-5,-6,-5,-12,
2,3,6,13,12,17,20,19,32,21,21,19,72,80,81,80,102,110,123,120,141,122,123,119,
163,169,175,169,223,165,161,159,158,149,151,144,154,154,156,196,262,318,318,
318,514,696,806,1016,1016,1090,1090,1202]} 1. Nf3 Nf6 2. c4 e6 3. Nc3 b6 4. g3
Bb7 5. Bg2 Be7 6. O-O O-O 7. d4 d5 8. Ne5 Nbd7 9. Qa4 Nxe5 10. dxe5 Ne4 11.
Nxe4 dxe4 12. Rd1 Qe8 13. Qc2 Qc6 14. Rd4 Qc5 15. Be3 Qxe5 16. Bxe4 Bxe4 17.
Rxe4 Qf5 18. Rc1 Rfd8 19. Rd4 Qxc2 20. Rxc2 Rxd4 21. Bxd4 Rd8 22. Bc3 Kf8 23.
Kg2 Bf6 24. Bxf6 gxf6 25. Kf3 f5 26. Ke3 e5 27. c5 b5 28. Rc3 Ke7 29. Ra3 Ra8
30. Ra6 f6 31. b3 Rc8 32. Rxa7 Kd7 33. Ra6 c6 34. Ra7+ Rc7 35. Rxc7+ Kxc7 36.
Kd3 Kb7 37. Kc3 Ka6 38. Kb4 Kb7 39. a4 bxa4 40. Kxa4 h6 41. Ka5 h5 42. b4 f4
43. gxf4 exf4 44. b5 cxb5 45. Kxb5 h4 46. h3 f5 47. c6+ Kc7 48. Kc5 1-0

[Event "2019 Steve Boniface Memorial Congress O"]
[Site "Bristol"]
[Date "2019.06.21"]
[Round "1.15"]
[White "Fava, Achille"]
[Black "Paul, Nathanael"]
[Result "0-1"]
[WhiteElo "1529"]
[BlackElo "1949"]
[PlyCount "72"]
[EventDate "2019.06.21"]

1. e4 c6 2. d4 d5 3. exd5 cxd5 4. Nc3 Nf6 5. Nf3 Bg4 6. h3 Bxf3 7. Qxf3 Nc6 8.
Be3 e6 9. a3 Be7 10. Be2 O-O 11. O-O-O Rc8 12. g4 Qa5 13. Rd3 Bxa3 14. g5 Bxb2+
15. Kxb2 Ne4 16. Nxe4 dxe4 17. Qxe4 Qb5+ 18. Kc1 Nb4 19. Rb3 Qa4 20. Bd3 g6 21.
Kd2 Nd5 22. Qf3 Rc7 23. Ke2 b5 24. Kf1 b4 25. Kg2 a5 26. Be4 Nxe3+ 27. fxe3 Qb5
28. Bd3 Qxg5+ 29. Kf2 Rfc8 30. Rg1 Rxc2+ 31. Be2 Qh4+ 32. Qg3 Qf6+ 33. Qf3
Rxe2+ 34. Kg3 Qg5+ 35. Qg4 Rxe3+ 36. Rxe3 Qxe3+ 0-1

[Event "2019 Steve Boniface Memorial Congress O"]
[Site "Bristol"]
[Date "2019.06.22"]
[Round "2.1"]
[White "Arkell, Keith C"]
[Black "Krzyzanowski, Patryk"]
[Result "1-0"]
[WhiteElo "2467"]
[BlackElo "2100"]
[PlyCount "77"]
[EventDate "2019.06.21"]

{[%evp 0,20,19,9,42,20,28,4,40,43,44,31,63,56,58,69,94,89,87,87,82,92,104]} 1.
d4 Nf6 2. Nf3 e6 3. c4 Bb4+ 4. Bd2 Qe7 5. g3 Ne4 6. Bg2 Nxd2 7. Nbxd2 c5 8. a3
Bxd2+ 9. Qxd2 d6 10. b4 e5 11. bxc5 dxc5 12. Nxe5 cxd4 13. Qxd4 O-O 14. O-O Rd8
15. Qb2 Re8 16. Nd3 Nc6 17. Nf4 Qc5 18. Bd5 a6 19. Rfd1 Rb8 20. Nd3 Qa7 21. Rd2
Bf5 22. e3 Ne7 23. Bg2 Rec8 24. Rc1 Be6 25. c5 Bd5 26. Bxd5 Nxd5 27. Ne5 Nf6
28. Qb3 Rc7 29. Rcd1 Rf8 30. Qb6 Qxb6 31. cxb6 Rc3 32. Nd7 Nxd7 33. Rxd7 Rxa3
34. Rxb7 Rb3 35. Ra1 g6 36. Rxa6 Rd8 37. Raa7 Rd6 38. Rxf7 Rbxb6 39. Rg7+ 1-0

[Event "2019 Steve Boniface Memorial Congress O"]
[Site "Bristol"]
[Date "2019.06.22"]
[Round "2.2"]
[White "Munshi, Aditya"]
[Black "Merry, Alan B"]
[Result "1/2-1/2"]
[WhiteElo "2108"]
[BlackElo "2441"]
[PlyCount "135"]
[EventDate "2019.06.21"]

1. e4 d5 2. exd5 Qxd5 3. Nc3 Qd6 4. d4 Nf6 5. Nf3 a6 6. Bd3 Bg4 7. h3 Bh5 8.
O-O Nbd7 9. Re1 e6 10. Bg5 c6 11. Ne4 Nxe4 12. Bxe4 Be7 13. Bxe7 Qxe7 14. d5
cxd5 15. Bxd5 Nc5 16. Qe2 O-O 17. Qe3 Rac8 18. c3 Qf6 19. Be4 Nxe4 20. Qxe4
Bxf3 21. Qxf3 Qxf3 22. gxf3 Rfd8 23. Rad1 Kf8 24. Kf1 Ke7 25. Ke2 Rc4 26. Rxd8
Kxd8 27. Rg1 g6 28. Rg4 Rc5 29. Rh4 h5 30. Rb4 b5 31. a4 Kd7 32. axb5 axb5 33.
Ke3 Kd6 34. Rd4+ Ke7 35. Rb4 Re5+ 36. Re4 Rf5 37. f4 Kd6 38. Rd4+ Kc7 39. Re4
Kc6 40. Rd4 Kc5 41. Re4 Rd5 42. Ke2 Rd7 43. Re5+ Kc6 44. Re4 Ra7 45. Kf3 Ra1
46. Kg2 Rd1 47. Rb4 Kc5 48. Re4 Rd2 49. Rb4 h4 50. Kf3 f5 51. Ke3 Rd1 52. Kf3
Rb1 53. Kg2 Ra1 54. Kf3 Rd1 55. Kg2 Ra1 56. Kf3 Ra4 57. Rxa4 bxa4 58. Ke3 Kd5
59. f3 Kc4 60. Kd2 Kb3 61. Kc1 a3 62. bxa3 Kxc3 63. Kd1 Kd3 64. a4 Kc4 65. Kc2
Kb4 66. Kd3 Kxa4 67. Kc4 Ka3 68. Kc3 1/2-1/2

[Event "2019 Steve Boniface Memorial Congress O"]
[Site "Bristol"]
[Date "2019.06.22"]
[Round "2.3"]
[White "Murphy, Conor E"]
[Black "Xian, Junhao"]
[Result "0-1"]
[WhiteElo "2361"]
[BlackElo "2053"]
[PlyCount "72"]
[EventDate "2019.06.21"]

{[%evp 0,53,16,26,66,49,51,23,23,27,40,-53,41,-22,36,2,-40,-52,-60,-29,-55,-42,
-42,-69,-85,-136,-70,-27,-33,-100,-70,0,0,0,0,0,0,0,0,0,0,-66,-60,-47,-62,-53,
-80,-66,-92,-89,-63,-137,-157,-148,-148,-229]} 1. d4 f5 2. Bg5 h6 3. Bh4 g5 4.
e4 Bg7 5. Bg3 fxe4 6. Nc3 Nf6 7. f3 d5 8. fxe4 dxe4 9. Bc4 Bg4 10. Nge2 Nc6 11.
Nb5 Rc8 12. h3 Bxe2 13. Qxe2 a6 14. Be5 axb5 15. Bxf6 Bxf6 16. Qh5+ Kd7 17.
Qg4+ Ke8 18. Qh5+ Kd7 19. Qg4+ Ke8 20. Be6 h5 21. Qxe4 Kf8 22. Bxc8 Qxc8 23.
O-O-O Kg7 24. Rhf1 Rd8 25. Rf5 Qa8 26. h4 Qxa2 27. c3 gxh4 28. Rxh5 b4 29. Qh7+
Kf8 30. Qh6+ Ke8 31. Qg6+ Qf7 32. Qf5 bxc3 33. Rf1 cxb2+ 34. Kb1 Qg8 35. Rh7
Ra8 36. Kxb2 Bxd4+ 0-1

[Event "2019 Steve Boniface Memorial Congress O"]
[Site "Bristol"]
[Date "2019.06.22"]
[Round "2.4"]
[White "Waddington, Mike P"]
[Black "Willow, Jonah B"]
[Result "0-1"]
[WhiteElo "2009"]
[BlackElo "2338"]
[PlyCount "78"]
[EventDate "2019.06.21"]

{[%evp 0,58,26,13,53,49,44,36,41,41,24,12,41,20,23,14,6,-7,23,-8,-8,-6,3,-1,0,
-8,-20,-16,-4,-20,-34,-33,-36,-64,-33,-60,-16,-55,-42,-39,-45,-50,-43,-43,-37,
-37,-44,-44,-55,-140,-138,-136,-101,-150,-150,-161,-142,-167,-159,-173,-164]} 
1. Nc3 c5 2. e4 Nc6 3. f4 g6 4. Nf3 Bg7 5. Bb5 Nd4 6. O-O a6 7. Bd3 d6 8. Nxd4
cxd4 9. Ne2 Nf6 10. b3 O-O 11. Bb2 e5 12. Qe1 Re8 13. Qh4 Bd7 14. Rae1 Bc6 15.
Ng3 h6 16. a3 Rc8 17. Re2 Bd7 18. f5 g5 19. Qh3 d5 20. Nh5 Bc6 21. Nxf6+ Qxf6
22. Qf3 Red8 23. h3 dxe4 24. Rxe4 Bxe4 25. Qxe4 Qc6 26. Qg4 Bf6 27. Re1 Kg7 28.
Re4 Qd5 29. Qe2 b5 30. Qg4 Rc7 31. Re2 Rdc8 32. Be4 Qd6 33. c3 dxc3 34. Bxc3
Qxa3 35. Bd3 Qxb3 36. Re3 Rxc3 37. dxc3 Rxc3 38. Qe4 Qa4 39. Qf3 Rxd3 0-1

[Event "2019 Steve Boniface Memorial Congress O"]
[Site "Bristol"]
[Date "2019.06.22"]
[Round "2.5"]
[White "Beaumont, Chris R"]
[Black "Dilleigh, Stephen P"]
[Result "1-0"]
[WhiteElo "2264"]
[BlackElo "2003"]
[PlyCount "95"]
[EventDate "2019.06.21"]

1. c4 e6 2. Nf3 d5 3. g3 dxc4 4. Bg2 Nf6 5. O-O a6 6. a4 Nc6 7. Qc2 e5 8. Qxc4
Be6 9. Qc2 e4 10. Ng5 Nd4 11. Nxe6 Nxc2 12. Nxd8 Nxa1 13. Nxb7 Nb3 14. Nc3 Rb8
15. Nxe4 Nxe4 16. Bxe4 Bb4 17. Bc6+ Ke7 18. e3 h5 19. d4 Na5 20. Nxa5 Bxa5 21.
Bd5 h4 22. b3 Bb4 23. Bb2 Rh5 24. Bc4 Rh6 25. d5 hxg3 26. hxg3 g5 27. Kg2 a5
28. e4 f6 29. Kf3 Bd6 30. Bc3 Bb4 31. Rc1 Bxc3 32. Rxc3 Kd6 33. Bb5 Rb6 34. Kg4
Rh2 35. f3 Rg2 36. Kf5 Rxg3 37. Kxf6 g4 38. Be2 Rg2 39. Bc4 Kd7+ 40. Kf7 Rf2
41. e5 Rxf3+ 42. Rxf3 gxf3 43. e6+ Kd6 44. e7 Rb8 45. e8=Q Rxe8 46. Kxe8 c6 47.
dxc6 Kxc6 48. Ke7 1-0

[Event "2019 Steve Boniface Memorial Congress O"]
[Site "Bristol"]
[Date "2019.06.22"]
[Round "2.6"]
[White "Makkar, Rajat"]
[Black "Leroy, Jason"]
[Result "1-0"]
[WhiteElo "2122"]
[BlackElo "1474"]
[PlyCount "50"]
[EventDate "2019.06.21"]

1. d4 Nf6 2. c4 e6 3. g3 d5 4. Nf3 c5 5. cxd5 exd5 6. Bg2 h6 7. O-O cxd4 8.
Nxd4 Bc5 9. Nc3 Bxd4 10. Qxd4 Nc6 11. Qa4 Be6 12. Rd1 O-O 13. e4 d4 14. Ne2 d3
15. Nf4 Bd7 16. Qb3 Nd4 17. Qxd3 Nc6 18. Qb3 Qc8 19. Nd5 Ng4 20. Bf4 Be6 21.
Rac1 Kh8 22. h3 Nf6 23. Qc3 Nxe4 24. Bxe4 Bxh3 25. Bxh6 Rg8 1-0

[Event "2019 Steve Boniface Memorial Congress O"]
[Site "Bristol"]
[Date "2019.06.22"]
[Round "2.7"]
[White "Paul, Nathanael"]
[Black "Seymour, Timothy P"]
[Result "0-1"]
[WhiteElo "1949"]
[BlackElo "2110"]
[PlyCount "90"]
[EventDate "2019.06.21"]

1. d4 Nf6 2. Nf3 d5 3. e3 c5 4. b3 cxd4 5. exd4 Nc6 6. Bd3 Bg4 7. Bb2 e6 8. O-O
Bd6 9. Nbd2 O-O 10. a3 Rc8 11. Qe1 Ne7 12. Ne5 Bf5 13. Qe2 a6 14. f4 Re8 15.
Rac1 Nd7 16. g4 Bxd3 17. Qxd3 f6 18. Nxd7 Qxd7 19. f5 exf5 20. gxf5 Qc7 21. Rf2
Nc6 22. c4 Qf7 23. c5 Bb8 24. Kh1 Qh5 25. Rg1 Re7 26. Rfg2 Rce8 27. Nf1 Kh8 28.
Bc1 Re2 29. b4 Rxg2 30. Rxg2 Re1 31. Bd2 Qd1 32. Rf2 Re4 33. Kg2 Rg4+ 34. Ng3
Rxd4 35. Qe3 Be5 36. Re2 Qb1 37. Qf3 Ne7 38. Qh5 Qd3 39. Qe8+ Ng8 40. Rf2 Rg4
41. Qh5 Bxg3 42. hxg3 Qxg3+ 43. Kf1 Qd3+ 44. Re2 Qf3+ 45. Rf2 Rg1+ 0-1

[Event "2019 Steve Boniface Memorial Congress O"]
[Site "Bristol"]
[Date "2019.06.22"]
[Round "2.8"]
[White "Jukes, Sam"]
[Black "Villiers, Thomas"]
[Result "0-1"]
[WhiteElo "1861"]
[BlackElo "2208"]
[PlyCount "64"]
[EventDate "2019.06.21"]

1. d4 f5 2. c4 Nf6 3. Nf3 e6 4. Nc3 Bb4 5. e3 b6 6. d5 Bb7 7. dxe6 Bxc3+ 8.
bxc3 dxe6 9. Qxd8+ Kxd8 10. Ne5 Ke7 11. c5 Ne4 12. cxb6 axb6 13. Bb2 Rd8 14. a3
Nxf2 15. Rg1 Nc6 16. c4 Na5 17. Bc3 Ne4 18. Bb4+ Kf6 19. Nf3 Nc6 20. Rb1 Nxb4
21. axb4 Ra2 22. h3 e5 23. Rc1 Ng3 24. c5 bxc5 25. Bc4 Ra3 26. Kf2 Ne4+ 27. Ke2
cxb4 28. g4 Nc3+ 29. Kf2 Bxf3 30. Kxf3 e4+ 31. Kf4 g5+ 32. Kg3 f4+ 0-1

[Event "2019 Steve Boniface Memorial Congress O"]
[Site "Bristol"]
[Date "2019.06.22"]
[Round "2.9"]
[White "Iwi, Graham R"]
[Black "Graham, David B"]
[Result "1/2-1/2"]
[WhiteElo "1895"]
[BlackElo "2173"]
[PlyCount "55"]
[EventDate "2019.06.21"]

{[%evp 0,55,14,39,69,38,86,80,57,37,31,25,90,58,54,33,33,34,37,31,29,43,44,13,
38,-3,2,11,15,63,146,125,123,127,175,158,164,102,102,102,84,81,104,95,154,156,
166,163,159,168,179,174,180,178,178,176,171,171]} 1. e4 c5 2. Nf3 d6 3. d4 cxd4
4. Nxd4 Nf6 5. Nc3 g6 6. Be3 Bg7 7. Bc4 O-O 8. f3 Nc6 9. Bb3 Qa5 10. Qd2 Bd7
11. O-O-O Rfc8 12. Kb1 Ne5 13. Bh6 Rc5 14. h4 Nc6 15. Nxc6 bxc6 16. Be3 Rb8 17.
Bxc5 Qxc5 18. Qd4 Qxd4 19. Rxd4 Nd5 20. Ra4 Nxc3+ 21. bxc3 c5 22. Rxa7 Be6 23.
c4 Bxc4 24. Rxe7 Be6 25. c4 Bxc4 26. Kc2 Bxb3+ 27. axb3 Ra8 28. g4 1/2-1/2

[Event "2019 Steve Boniface Memorial Congress O"]
[Site "Bristol"]
[Date "2019.06.22"]
[Round "2.10"]
[White "Brozel, Sacha"]
[Black "Mcgregor, John"]
[Result "1-0"]
[WhiteElo "2144"]
[BlackElo "1882"]
[PlyCount "79"]
[EventDate "2019.06.21"]

1. d4 d5 2. c4 dxc4 3. e3 c5 4. Bxc4 cxd4 5. exd4 e6 6. Nf3 Nf6 7. O-O Be7 8.
Nc3 O-O 9. Re1 Nbd7 10. Bg5 Nb6 11. Bd3 Nfd5 12. Bd2 Bf6 13. Ne4 Bd7 14. Nxf6+
Nxf6 15. Ne5 Qe7 16. Bg5 Rfc8 17. Nxd7 Qxd7 18. Bxf6 gxf6 19. Re3 Nd5 20. Rg3+
Kf8 21. Qh5 Ke7 22. Rg7 Rf8 23. Qxh7 Nf4 24. Qe4 Nxd3 25. Qxd3 Qd6 26. Rd1 Rac8
27. Rg3 Rc7 28. Qe4 Qb4 29. Rb3 Qa4 30. Qf3 Qxa2 31. Rxb7 Rfc8 32. Rxc7+ Rxc7
33. d5 Rd7 34. d6+ Kf8 35. Qc6 Rd8 36. d7 Qa5 37. Qd6+ Kg7 38. h3 Qb6 39. Qe7
Qc7 40. Rd3 1-0